00980nam a22002651 450000100060000000300080000600500170001400800410003103500190007203500190009104000320011004100080014208200220015010000320017224501290020425000120033326000480034530000250039350400430041865100410046165100410050294200120054399900170055595201420057226483BD-RjUL20211209051026.0140322s1968 ii b 001 0 eng d a(BD-RjUL)26553 a(OCoLC)2707013 aDLCcPPTdDLCdBD-RjULbeng aeng00a954.035bBHH 19681 aBhatia, O. P. Singh.98144010aHistory of India, 1857 to 1916 /cby O. P. Singh Bhatia. Foreword by D. C. Das and a letter of appreciation by Zakir Husain. a1st ed. aNew Delhi :bS. Amardeep Publishers,c1968. avi, 180 p. ;c22 cm. aBibliography: p. [173]-174. and index. 0aIndiaxHistoryy19th century.981441 0aIndiaxHistoryy20th century.943020 2ddccBK c26483d26483 00102ddc40728NFICaRUCLbRUCLcReadingd1974-06-24eIndia Govt., Gift.l0o954.035 BHH 1968r2014-03-22 00:00:00tC-1w2014-03-22yBK